00508 2200169 4500245004000000020002200040250001100062100002500073650001600098005001900114260003200133041001400165084000800179300003100187500011100218336000900329 aAgnosiacIbrahim ParanggupitohText a978-602-6716-21-7 aCet. 1 aIbrahim Paranggupito aNovel Horor a20231005094304 aBandungbPastel Booksc2018 aIndonesia a813 a172 hlm. :cilus. 19.5 cm. aLily menderita agnosia sehingga membuatnya tak bisa mengenali langsung benda-benda yang ada di sekitarnya. atext